All 4-Letter Words Starting with “V” - Statistics

General Stats
  • This quiz has been taken 1,134 times
    583 since last reset
  • The average score is 38 of 84
Answer Stats
Word % Correct
vase
86%
vine
85%
vane
83%
vast
83%
vain
81%
vape
81%
vile
79%
vale
78%
very
77%
vest
77%
vole
77%
vote
77%
vein
74%
vans
72%
vats
72%
veil
71%
vent
71%
view
71%
vice
68%
vary
66%
veal
66%
veer
66%
vows
63%
vail
62%
vets
62%
vend
58%
vibe
58%
vise
58%
vamp
56%
vert
56%
vins
54%
visa
54%
vial
53%
vies
53%
vide
52%
verb
51%
veto
50%
vids
50%
vino
50%
vill
49%
volt
48%
vang
47%
vied
47%
vims
44%
vars
43%
veep
43%
vees
43%
vier
43%
vacs
41%
vita
41%
void
41%
viva
38%
vera
35%
vara
34%
vina
34%
viny
32%
volk
32%
vigs
31%
vasa
30%
vaws
30%
veld
29%
vena
29%
viol
29%
vive
29%
vair
25%
vaus
24%
viga
24%
vega
23%
vela
23%
vagi
18%
vogs
18%
vatu
17%
viff
16%
vavs
14%
voes
14%
virl
12%
vext
9%
vlog
8%
vugs
7%
vugh
5%
vrow
2%
vugg
2%
vuln
2%
vlei
1%
No matching quizzes found
Score Distribution
Percent of People with Each Score
Percentile by Number Answered
Your Score History
You have not taken this quiz since the last reset